00151 a2200073 45000010005000001000017000052450034000222600021000569178 aHusain, S.I. aEconomic problems of Pakistan abDin Muhammadc